000 00360 a2200169 4500
001 189277
020 _a85-16-0294-1
040 _cMagnum
100 _aFalcão, Adriana
240 1 0 _aMania de explicação
_lpor
245 1 0 _aMania de explicação
300 _a46
362 0 _a2001
440 1 _aModerna
697 _aLITERATURA INFANTO
942 _cBK
999 _c189277
_d189277